Применение метода радиоактивных индикаторов в народном хозяйстве

Бібліографічні деталі
Автор: Заборенко К. Б. Калерия Борисовна
Мова:Російська
Опубліковано: Москва, Энергоатомиздат, 1988
Предмети:
Формат: Книга
KOHA link:https://koha.lib.tpu.ru/cgi-bin/koha/opac-detail.pl?biblionumber=36325

MARC

LEADER 00000nam0a2200000 4500
001 36325
005 20231031001646.0
010 |a 5283029476 
035 |a (RuTPU)RU\TPU\book\36795 
035 |a BOOK00003447 
090 |a 36325 
100 |a 20011210d1988 k y0rusy50 ca 
101 0 |a rus 
102 |a RU 
105 |a a z 000zy 
200 1 |a Применение метода радиоактивных индикаторов в народном хозяйстве  |f К. Б. Заборенко 
210 |a Москва  |c Энергоатомиздат  |d 1988 
215 |a 152 с.  |c ил. 
610 1 |a радионуклеиды 
610 1 |a радиоактивные индикаторы 
610 1 |a народное хозяйство 
610 1 |a применение 
610 1 |a радиоактивные изотопы 
610 1 |a использование 
675 |a 621.039.8  |v 3 
700 1 |a Заборенко  |b К. Б.  |g Калерия Борисовна 
801 0 |a RU  |b 63413507  |c 20011210  |g PSBO 
801 2 |a RU  |b 63413507  |c 20140930  |g PSBO 
900 |a Физические методы анализа 
942 |c BK